000 00665nam a2200289Ia 4500
005 20260324132450.0
008 008 260324s9999 xx 000 0 eng d
020 _a9780203334492
037 _aEBOOK
040 _aCRL
040 _beng
040 _cCRL
041 _2eng
041 _aeng
084 _qCRL
100 _aJane Henry
_91189384
245 0 _aParapsychology
245 0 _bResearch on Exceptional Experiences
260 _bTaylor and Francis
260 _c2004
365 _a
365 _b205
856 _uhttp://www.taylorfrancis.com/books/9780203334492
942 _cEBOOK
999 _c1787528
_d1787528